书目信息 |
| 题名: |
电化教育基础
|
|
| 作者: | 梁育腾 主编 | |
| 分册: | ||
| 出版信息: | 北京 高等教育出版社 1985.05 |
|
| 页数: | 170页 | |
| 开本: | 20cm | |
| 丛书名: | ||
| 单 册: | ||
| 中图分类: | G431 | |
| 科图分类: | ||
| 主题词: | 电化教学 , 电化教育 | |
| 电子资源: | ||
| ISBN: | 7-04-001682-6 | |
| 000 | 00558nam0 2200205 45 | |
| 001 | 0012050918 | |
| 005 | 20061109162450.25 | |
| 010 | @a7-04-001682-6@dCNY0.98 | |
| 100 | @a20001205d1985 km y0chiy0120 ea | |
| 101 | 0 | @achi |
| 200 | 1 | @a电化教育基础@ADian Hua Jiao Yu Ji Chu@f梁育腾主编@FLiang Yu Teng Zhu Bian |
| 210 | @a北京@c高等教育出版社@d1985.05 | |
| 215 | @a170页@d20cm | |
| 300 | @a中等师范学校课本 | |
| 606 | 0 | @a电化教学 |
| 606 | 0 | @a电化教育 |
| 690 | @aG431@v1 | |
| 701 | 0 | @a梁育腾@4主编 |
| 801 | @aCN@bTSSF@c20061109 | |
| 905 | @a10447@dG431@e14 | |
| 电化教育基础/梁育腾主编.-北京:高等教育出版社,1985.05 |
| 170页;20cm |
| 中等师范学校课本 |
| ISBN 7-04-001682-6:CNY0.98 |
| ● |
| 相关链接 |
|
|
|
|
正题名:电化教育基础
索取号:G431/14
 
预约/预借
| 序号 | 登录号 | 条形码 | 馆藏地/架位号 | 状态 | 备注 |
| 1 | 0215351 | 000458427 | 第一样本阅览室/ [索取号:G431/14] | 在馆 |